000
00210nam a22000977a 4500
999
_c
16236
_d
16236
003
OSt
008
200625b ||||| |||| 00| 0 eng d
100
_a
A aroor
_9
4635
245
_a
Malayala shakunthlam
942
_c
BK